| 000 | 00374nam a2200169Ia 4500 | ||
|---|---|---|---|
| 100 | _aJoseph/P.T | ||
| 650 | _aComputers | ||
| 250 | _a2 | ||
| 942 | _cBK | ||
| 654 | _aE commerce | ||
| 245 | _aE Commerce :An Indian Perspective | ||
| 260 |
_bPrentice -Hall of India _aNew Delhi _c2005 |
||
| 082 |
_a004.66/JOS _bJOS |
||
| 300 | _a490 | ||
| 546 | _aENGLISH | ||
| 999 |
_c32401 _d32401 |
||